Statistical Physics Berkeley Physics Course (Record no. 318798)

MARC details
000 -LEADER
fixed length control field 00443nam a2200169Ia 4500
008 - FIXED-LENGTH DATA ELEMENTS--GENERAL INFORMATION
fixed length control field 230718s9999 xx 000 0 und d
041 ## - LANGUAGE CODE
Language code of text/sound track or separate title eng
082 ## - DEWEY DECIMAL CLASSIFICATION NUMBER
Classification number 539
Item number WIC
100 ## - MAIN ENTRY--PERSONAL NAME
Personal name Wichman E. H.
245 ## - TITLE STATEMENT
Title Statistical Physics Berkeley Physics Course
260 ## - PUBLICATION, DISTRIBUTION, ETC. (IMPRINT)
Name of publisher, distributor, etc. Tata Mc-graw Hill Pub.
300 ## - PHYSICAL DESCRIPTION
Accompanying material [OBSOLETE, CAN/MARC] Ref 326 G (30005)
365 ## - TRADE PRICE
Currency code Rs.
Price amount 350.00
500 ## - GENERAL NOTE
Keywords 326 GEN
700 ## - ADDED ENTRY--PERSONAL NAME
Personal name Wichman E. H.
906 ## - LOCAL DATA ELEMENT F, LDF (RLIN)
d B:467303-Jun-2008
c PHY
b 70
Holdings
Withdrawn status Lost status Damaged status Not for loan Home library Current library Date acquired Vendor Budget Code Cost, normal purchase price Bill number Full call number Barcode Date last seen Discount Cost, replacement price Bill Date Koha item type Original Barcode
      Reference Cummins College of Engineering for Women Pune Cummins College of Engineering for Women Pune 24/06/2008 Tbs PHY 280.00 4673 539 CCEP-BK-30005 18/07/2023 70 350.00 03/06/2008 Books 030005